[Event "5th Open"]
[Site "Izmir TUR"]
[Date "2006.09.15"]
[Round "6"]
[White "Miroshnichenko,E"]
[Black "Bagaturov,G"]
[Result "1-0"]
[WhiteElo "2616"]
[BlackElo "2461"]

1.d4 d5 2.c4 c6 3.Nf3 Nf6 4.Qc2 e6 5.g3 dxc4 6.Bg2 b5 7.O-O Bb7 8.a4 Be7
9.Bg5 a6 10.Nbd2 Nbd7 11.b3 cxb3 12.Nxb3 O-O 13.Ne1 Nd5 14.Bxe7 Qxe7 15.Nd3 N7b6
16.Ndc5 Nc4 17.e4 Nf6 18.e5 Nd5 19.Rfe1 f6 20.Bf1 fxe5 21.dxe5 Rf3 22.Nxb7 Rc3
23.Qd1 Qxb7 24.Nc5 Qf7 25.axb5 cxb5 26.Bg2 Nce3 27.Rxe3 Rxc5 28.Rd3 Qd7 29.Qg4 Qc6
30.h4 Re8 31.h5 Rc1+ 32.Rxc1 Qxc1+ 33.Rd1 Qc4 34.Be4 Kh8 35.h6 Qc7 36.hxg7+ Qxg7
37.Qh5 Rf8 38.Bxd5 exd5 39.Rxd5 b4 40.Qd1 Qf7 41.Qd4 b3 42.Rd7 b2 43.e6+ Qf6
44.e7 b1=Q+ 45.Kh2 Qb4 46.Qxf6+ Rxf6 47.e8=Q+ Qf8 48.Qe5 a5 49.g4 Qh6+ 50.Kg3 Kg8
51.Qd5+ Kh8 52.g5  1-0

[Event "5th Open"]
[Site "Izmir TUR"]
[Date "2006.09.16"]
[Round "7"]
[White "Bratanov,Z"]
[Black "Bojkov,D"]
[Result "1-0"]
[WhiteElo "2420"]
[BlackElo "2445"]

1.d4 d5 2.c4 c6 3.Nf3 Nf6 4.Qc2 e6 5.g3 dxc4 6.Qxc4 b5 7.Qd3 Bb7 8.Bg2 Nbd7
9.O-O a6 10.a4 c5 11.axb5 Be4 12.Qd1 axb5 13.Rxa8 Qxa8 14.Bg5 Be7 15.dxc5 Bxc5
16.Nbd2 Bd5 17.e4 Bc6 18.Nb3 Be7 19.e5 Nxe5 20.Nxe5 Bxg2 21.Bxf6 gxf6 22.Qd7+ Kf8
23.Rc1 Qd5 24.Rc8+ Kg7 25.Rxh8 Qxe5 26.Qxe7 Qe1+ 27.Kxg2 Qe4+ 28.f3 Qc2+
29.Kf1 Qd1+ 30.Kf2 Qc2+ 31.Ke1 Qb1+ 32.Ke2 Qxb2+ 33.Nd2 Qe5+ 34.Kf1  1-0

[Event "ProMoPro Open"]
[Site "Prague CZE"]
[Date "2006.09.16"]
[Round "8"]
[White "Seleljo,D"]
[Black "Sodoma,J"]
[Result "0-1"]
[WhiteElo "2303"]
[BlackElo "2285"]

1.Nf3 d5 2.d4 Nf6 3.c4 c6 4.g3 e6 5.Bg2 dxc4 6.O-O b5 7.a4 Bb7 8.Ne5 a6 9.Nc3 Qb6
10.e4 Be7 11.g4 O-O 12.g5 Nfd7 13.Ng4 Re8 14.e5 c5 15.d5 b4 16.a5 Qa7 17.Nf6+ Bxf6
18.gxf6 Nxe5 19.Qh5 Nbd7 20.fxg7 bxc3 21.Ra3 Bxd5 22.Rxc3 Bxg2 23.Kxg2 Qb7+
24.f3 Qd5 25.Bh6 Nd3 26.Qh3 N7e5  0-1

[Event "EU-chG18"]
[Site "Herceg Novi MNE"]
[Date "2006.09.18"]
[Round "8"]
[White "Purtseladze,M"]
[Black "Domany,Z"]
[Result "1/2-1/2"]
[WhiteElo "2329"]
[BlackElo "2172"]

1.d4 d5 2.c4 c6 3.Nf3 dxc4 4.e3 Be6 5.a4 Nf6 6.Nc3 g6 7.Ng5 Bd5 8.e4 h6 9.exd5 hxg5
10.dxc6 Nxc6 11.d5 Na5 12.Bxg5 Bg7 13.Rb1 Qd6 14.Qd2 Qe5+ 15.Qe3 Ng4 16.Qxe5 Bxe5
17.h3 Rd8 18.Be2 Bxc3+ 19.bxc3 Rxd5 20.Rb5 Rxb5 21.axb5 Nf6 22.Bf3 Nd7 23.O-O Ne5
24.Bd5 Rh5 25.Be3 Nd3 26.Bf3 Rxb5 27.Bxa7 Nb3 28.Be3 Kd7 29.g4 Nbc5 30.Bd5 Ne5
31.Rd1 Ncd3 32.Bxc4 Nxc4 33.Rxd3+ Ke6 34.Bd4 f5 35.Kg2 fxg4 36.hxg4 Rd5 37.f4 Kf7
38.Rh3 b5 39.Rh7+ Ke8 40.Kf3 b4 41.Ke4 Rb5 42.cxb4 Nd6+ 43.Kd3 Rxb4 44.Rg7 Rb3+
45.Ke2 Rb4 46.Ke3 Rb3+ 47.Kf2 Rb4 48.Be5 Rb6 49.Kf3 Nf7 50.Bd4 Re6 51.Rg8+ Kd7
52.Rf8 Nd6 53.Be5 Nc4 54.Ke4 g5 55.Kf5 gxf4 56.Bxf4 Ne3+ 57.Bxe3 Rxe3 58.Ra8 Rf3+
59.Kg6 e5 60.g5 e4 61.Ra4 Re3 62.Kf7 Re1 63.g6 e3 64.Rd4+ Kc6 65.Re4 Kd5
66.Re7 Kd4 67.g7 Rf1+ 68.Ke8 Rg1 69.Kf8 Kd3  1/2-1/2

[Event "Vojvodina Quality League m"]
[Site "Sremska Mitrovica SRB"]
[Date "2006.09.24"]
[Round "4"]
[White "Vrbljanac,A"]
[Black "Vukic,R"]
[Result "1/2-1/2"]
[WhiteElo "2281"]
[BlackElo "2292"]

1.d4 d5 2.c4 c6 3.Nf3 Nf6 4.g3 a6 5.Bg2 b5 6.cxd5 cxd5 7.O-O e6 8.Ne5 Bd6
9.Nd2 Nbd7 10.Nxd7 Bxd7 11.Nb3 O-O 12.Bd2 a5 13.Rc1 Qb6 14.Bf4 Bxf4 15.gxf4 b4
16.Nc5 Bb5 17.Qd2 Rfc8 18.Rc2 Rc7 19.Rfc1 Rac8 20.a3 Be8 21.e3 Bc6 22.axb4 axb4
23.b3 g6 24.Nd3 Bb5 25.Rxc7 Rxc7 26.Rxc7 Qxc7 27.Nxb4 Qa5 28.Qc3 Qa3 29.Nd3 Qa2
30.Nc1 Qb1 31.f3 Ne8 32.Bf1 Nd6 33.Bxb5 Nxb5 34.Qd2 Nd6 35.Kg2 Kg7 36.Qc3 Nf5
37.Kf2 Nh4 38.Kg3 Nf5+ 39.Kf2 Nh4 40.Kg3 Nf5+ 41.Kf2 Nh4 42.Kg3  1/2-1/2

[Event "Bygger'n Masters"]
[Site "Gausdal NOR"]
[Date "2006.09.30"]
[Round "7"]
[White "Akesson,R"]
[Black "Holzke,F"]
[Result "0-1"]
[WhiteElo "2449"]
[BlackElo "2472"]

1.d4 d5 2.c4 c6 3.Nf3 Nf6 4.Qb3 g6 5.Bf4 dxc4 6.Qxc4 Bg7 7.Nbd2 O-O 8.e4 Bg4
9.Be2 Bxf3 10.Bxf3 Nfd7 11.Be3 c5 12.d5 Bxb2 13.Rb1 Bg7 14.Rxb7 Ne5 15.Qc2 Qc8
16.Rb5 c4 17.Be2 c3 18.Nb3 Nbd7 19.O-O a6 20.Rb4 a5 21.Ra4 Qc7 22.f4 Nb6
23.Bxb6 Qxb6+ 24.Kh1 Ng4 25.Bd3 Ne3 26.Qf2 Rfb8 27.Rb1 Nxd5 28.Qxb6 Nxb6
29.Rxa5 Rxa5 30.Nxa5 Rd8 31.Rd1 Ra8 32.Nc4 Nxc4 33.Bxc4 c2 34.Rc1 Rd8 35.Bd5 e6
36.Rxc2 exd5 37.exd5 Rxd5 38.g3 h5 39.Kg2 Rb5 40.Kf3 Rb2 41.Rxb2 Bxb2 42.f5 g5
43.a4 g4+ 44.Kf4 f6 45.a5 Bd4 46.Ke4 Bg1 47.a6 Kg7  0-1

[Event "1st TCH-MNE"]
[Site "Herceg Novi MNE"]
[Date "2006.09.30"]
[Round "9"]
[White "Genov,Peta"]
[Black "Jakovljevic,Vlado"]
[Result "1/2-1/2"]
[WhiteElo "2479"]
[BlackElo "2414"]

1.d4 d5 2.c4 c6 3.Nf3 Nf6 4.Qc2 g6 5.Bf4 Bf5 6.Qb3 Qb6 7.c5 Qxb3 8.axb3 Bxb1
9.Rxb1 Nbd7 10.h3 Bg7 11.e3 Ne4 12.b4 a6 13.Bd3 f5 14.g4 e6 15.Ke2 Kf7  1/2-1/2

[Event "Corporacion del Sur A"]
[Site "Buenos Aires ARG"]
[Date "2006.10.04"]
[Round "3"]
[White "Hellsten,J"]
[Black "Giaccio,A"]
[Result "1/2-1/2"]
[WhiteElo "2592"]
[BlackElo "2462"]

1.d4 d5 2.c4 c6 3.Nf3 Nf6 4.Qb3 dxc4 5.Qxc4 Bg4 6.Nbd2 Nbd7 7.g3 e6 8.Bg2 Be7
9.O-O O-O 10.b3 Qa5 11.h3 Bh5 12.Bb2 Bg6 13.Qc1 Qa6 14.Nc4 Rac8 15.Nfe5 b5
16.Nxg6 hxg6 17.Ne5 c5 18.Nxd7 Nxd7 19.dxc5 Rxc5 20.Qd2 Bf6 21.Bxf6 Nxf6
22.Rfc1 Rxc1+ 23.Rxc1 Rc8 24.Rd1 b4 25.Qxb4 Qxa2 26.Qb7 Rf8 27.e3 a5 28.Rd4 Qb1+
29.Bf1 Nd5 30.Ra4 Qe1 31.Kg2 Qd2 32.Qa7 Nc3 33.Qxa5 Qb2 34.Rc4 Nd1 35.Qe1 Rd8
36.Be2 Qxb3 37.Rc1 Nb2 38.Qa5 Qd5+ 39.Qxd5 exd5 40.Rc2 Na4 41.Rc7 Nb6 42.Rc6 Nc8
43.h4 Ne7 44.Rc7 Kf8 45.Rb7 f6 46.Bd1 f5 47.Bb3 Kf7 48.Kf3 Rd6 49.Ke2 Kf6
50.Kd3 Nc6 51.Ba2 Ne7 52.Kd4 Ra6 53.Bb3 Nc6+ 54.Kxd5 Na5 55.Rb5 Nxb3 56.Rxb3 Ra2
57.Rb6+ Kf7 58.f4 Rg2 59.e4 Rd2+ 60.Ke5 Re2 61.Rb7+ Kg8 62.Rb4 Re3 63.h5 gxh5
64.Kxf5 Rxg3 65.e5 h4 66.e6 Re3 67.Rb8+ Kh7 68.e7 Rxe7  1/2-1/2

[Event "56th TCh-BUL"]
[Site "Sunny Beach BUL"]
[Date "2006.10.06"]
[Round "2"]
[White "Grigorov,G"]
[Black "Vasilev,M"]
[Result "0-1"]
[WhiteElo "2425"]
[BlackElo "2429"]

1.d4 d5 2.Nf3 c6 3.c4 dxc4 4.e3 Be6 5.Nc3 b5 6.a4 b4 7.Ne4 Nf6 8.Nxf6+ exf6
9.Bd2 Nd7 10.Rc1 c3 11.bxc3 b3 12.c4 b2 13.Rb1 Rb8 14.Qc2 Qb6 15.e4 Bb4 16.h3 O-O
17.Bd3 Bxd2+ 18.Qxd2 Rfe8 19.O-O Nf8 20.Rfe1 Qb4 21.d5 Bd7 22.Re2 Qa3 23.Ne1 Ng6
24.Rxb2 Nf4 25.Qxf4 Rxb2 26.Rxb2 Qxb2 27.Qc7 Qb4 28.Qxd7 Qxe1+ 29.Kh2 Rf8
30.Qxa7 Qc3 31.Bf1 Qe5+ 32.g3 Rc8 33.a5 c5 34.Bg2 Qc7 35.Qa6 Rd8 36.f4 h5
37.h4 Qd6 38.Qa7 Rb8 39.Kh3 Rb3 40.Kh2 Rb8 41.Kh3 g6 42.Kh2 Kg7 43.a6 Rb6
44.e5 fxe5 45.fxe5 Rxa6 46.Qb7 Qb6 47.Qe7 Ra7 48.Qg5 Ra2 49.d6 Qb2 50.Qf6+ Kg8
51.Qf3 Qf2 52.Kh3 Qxf3 53.Bxf3 Kf8 54.g4 Ra3 55.Kg3 Rc3 56.gxh5 gxh5 57.Kf4 Rxc4+
58.Kg5 Rd4 59.Bxh5 c4 60.e6 fxe6 61.Bg6 Kg7  0-1

[Event "WJun"]
[Site "Yerevan ARM"]
[Date "2006.10.06"]
[Round "4"]
[White "Vitiugov,N"]
[Black "Stellwagen,D"]
[Result "1-0"]
[WhiteElo "2596"]
[BlackElo "2576"]

1.d4 d5 2.c4 c6 3.Nf3 Nf6 4.Qc2 e6 5.Bg5 h6 6.Bh4 dxc4 7.Qxc4 b5 8.Qc2 Bb7
9.e4 Nbd7 10.Nbd2 Qb6 11.Be2 c5 12.a4 a6 13.axb5 axb5 14.Rxa8+ Bxa8 15.O-O Be7
16.dxc5 Nxc5 17.b4 Ncxe4 18.Qc8+ Qd8 19.Bxb5+ Kf8 20.Qxd8+ Bxd8 21.Ra1 Bd5
22.Nxe4 Bxe4 23.Ne5 g5 24.Bg3 Bb6 25.Ra6 Bd4 26.Rd6 Bc3 27.Rd8+ Kg7 28.Rxh8 Kxh8
29.Nxf7+ Kg7 30.Be5 Bxb4 31.Nxh6 Kg6 32.Bd4 Be7 33.Bxf6 Bxf6 34.Ng4 Bd4 35.Kf1 Bf5
36.Ne3 Bxe3 37.fxe3 e5 38.Ke2 Kf6 39.Bd3 Bd7 40.Be4 Be6 41.Kd3 Ke7 42.Kc3 Kd6
43.Kb4 Bd7 44.Kc3 Be6 45.Kd2 Ke7 46.Ke2 Kf6 47.Kf3 Bd7 48.Kg3 Kg7 49.h4 Kh6
50.Bf3 Be6 51.Bg4 Bd5 52.Bf3 Be6 53.Bc6 Kh5 54.Be8+ Kh6 55.Bc6 Kh5 56.Be8+ Kh6
57.h5 Bc4 58.Kf3 Bd5+ 59.e4 g4+ 60.Ke3 Bg8 61.g3 Bc4 62.Kd2 Kg5 63.Kc3 Be2
64.Kb4 Bf3 65.Bg6 Kf6 66.Kc5 Bd1 67.Kd6 Be2 68.Bf5 Kg5 69.Kxe5 Kxh5 70.Kf6  1-0

[Event "56th TCh-BUL w"]
[Site "Sunny Beach BUL"]
[Date "2006.10.08"]
[Round "4"]
[White "Genova,R"]
[Black "Dragomirescu,An"]
[Result "1-0"]
[WhiteElo "2219"]
[BlackElo "2237"]

1.d4 d5 2.Nf3 c6 3.c4 dxc4 4.e3 b5 5.a4 a6 6.b3 e6 7.bxc4 bxc4 8.Bxc4 Nf6
9.O-O c5 10.Ba3 Nbd7 11.Nbd2 cxd4 12.Bxf8 Nxf8 13.Nxd4 Ng6 14.Qb3 O-O 15.N2f3 a5
16.Rfd1 Qe7 17.h4 Bd7 18.Rab1 e5 19.Nb5 Bg4 20.Nd6 Ne8 21.Nxf7 Rxf7 22.Ng5 Nh8
23.Nxf7 Nxf7 24.f3 Bf5 25.Qb7 Ra7 26.Qxe7 Rxe7 27.Rb8 Bc2 28.Rd7 Kf8 29.Rxe7 Kxe7
30.Rb7+ Kd8 31.Bxf7 Nd6 32.Ra7 Bxa4 33.Rxa5 Bd7 34.Bg8 e4 35.Bxh7 exf3 36.gxf3 Ke7
37.Kf2 Kf6 38.Bd3  1-0

[Event "Corporacion del Sur B"]
[Site "Buenos Aires ARG"]
[Date "2006.10.11"]
[Round "9"]
[White "Slipak,S"]
[Black "Labollita,M"]
[Result "1/2-1/2"]
[WhiteElo "2445"]
[BlackElo "2429"]

1.d4 d5 2.c4 c6 3.Nf3 Nf6 4.Qc2 dxc4 5.Qxc4 Bf5 6.g3 e6 7.Bg2 Nbd7 8.O-O Be7
9.Qb3 Qb6 10.Nbd2 a5 11.Nc4 Qa6 12.a4 Be4 13.Bf4 Bd5 14.Nfd2 Bxg2 15.Kxg2 O-O
16.e4 c5 17.Be3  1/2-1/2

[Event "IRT5"]
[Site "Sao Paulo BRA"]
[Date "2006.10.12"]
[Round "1"]
[White "Moraes,R"]
[Black "Name,G"]
[Result "0-1"]
[WhiteElo "1866"]
[BlackElo "2225"]

1.d4 d5 2.Nf3 c6 3.c4 dxc4 4.a4 Nf6 5.Nc3 Nd5 6.a5 Bf5 7.Ne5 Nd7 8.Nxc4 e6
9.g3 N7f6 10.Bg2 Nb4 11.e4 Bg6 12.O-O Be7 13.Bg5 O-O 14.Qb3 h6 15.Bxf6 gxf6
16.Rad1 Qb8 17.d5 cxd5 18.exd5 Bc2 19.Qa3 exd5 20.Qa1 dxc4  0-1

[Event "WYB14"]
[Site "Batumi GEO"]
[Date "2006.10.22"]
[Round "4"]
[White "Bregadze,L"]
[Black "Ter Sahakyan,S"]
[Result "1/2-1/2"]
[WhiteElo "2269"]
[BlackElo "2229"]

1.d4 d5 2.c4 c6 3.Nf3 Nf6 4.Qb3 e6 5.Bg5 Be7 6.e3 O-O 7.Nc3 Nbd7 8.Rd1 b6
9.cxd5 Nxd5 10.Bxe7 Qxe7 11.Nxd5 exd5 12.Bd3 Nf6 13.Rc1 Bb7 14.O-O c5 15.Qa3 Rfc8
16.Rc2 Rc7 17.dxc5 bxc5 18.Rfc1 c4 19.Qxe7 Rxe7 20.Be2 Ba6 21.Nd4 g6 22.b3 cxb3
23.axb3 Bxe2 24.Rxe2 Ne4 25.Ra2 Rb7 26.Rc6 Rd8 27.g4 Nd6 28.Ra5 Nc8 29.Rac5 Ne7
30.Rc7 Rd7 31.Rxd7 Rxd7 32.Kf1 Kf8 33.Ke2 Ke8 34.Kd3 Rb7 35.Kc3 Kd7 36.h3 a6
37.b4 Rc7 38.Rxc7+ Kxc7 39.Nf3 f6 40.Nd4 Kb6 41.Kb3 h5 42.gxh5 gxh5 43.Ne2 a5
44.bxa5+ Kxa5 45.Nf4 h4 46.Nh5 Ng8 47.Kc3 Kb6 48.Kd3 Kc5 49.Ng7 Ne7 50.e4 Ng6
51.Nh5 Ne5+ 52.Ke3 d4+ 53.Ke2 Nd7 54.Nf4 Kc4 55.Ng2  1/2-1/2

[Event "14th Chigorin Mem"]
[Site "St-Petersburg RUS"]
[Date "2006.10.24"]
[Round "2"]
[White "Serov,M"]
[Black "Kosov,Iv"]
[Result "1/2-1/2"]
[WhiteElo "2268"]
[BlackElo "2386"]

1.d4 d5 2.c4 c6 3.Nf3 Nf6 4.Qc2 e6 5.Nbd2 Nbd7 6.g3 Bd6 7.Bg2 O-O 8.O-O Re8
9.b3 e5 10.dxe5 Nxe5 11.Bb2 Ned7 12.Nd4 Bf8 13.cxd5 cxd5 14.e4 dxe4 15.Nxe4 Nxe4
16.Bxe4 Nf6 17.Bg2 Qb6 18.Rac1 Rb8 19.h3 Bd7 20.Kh2 Qa6 21.Rfd1 Rbc8 22.Qb1 b5
23.Nf3 Rxc1 24.Qxc1 Be6 25.Qb1 Bd5 26.Bxf6 Bxf3 27.Bxf3 Qxf6 28.Kg2 Rd8  1/2-1/2

[Event "14th Chigorin Mem B"]
[Site "St-Petersburg RUS"]
[Date "2006.10.24"]
[Round "2"]
[White "Fox,P"]
[Black "Butylkin,A"]
[Result "0-1"]
[WhiteElo "1813"]
[BlackElo "2174"]

1.d4 d5 2.c4 c6 3.Nf3 Nf6 4.Qc2 e6 5.Bg5 Be7 6.e3 Nbd7 7.Nbd2 O-O 8.Bd3 h6
9.Bf4 Nh5 10.O-O Nxf4 11.exf4 Bf6 12.Ne5 dxc4 13.Bxc4 c5 14.Rfd1 cxd4 15.Ndf3 Qc7
16.Bb3 Qa5 17.Qe4 Nc5 18.Qxd4 Nxb3 19.axb3 Qb5 20.b4 Be7 21.Nd3 Rd8 22.Qe4 Bd7
23.Nd4 Qb6 24.f5 Bf6 25.fxe6 Bxd4 26.exd7 Rxd7 27.Nc5 Qxb4 28.Ra4 Bxf2+ 29.Kxf2 Qxc5+
30.Rad4 Rad8 31.Ke3 Rxd4 32.Rxd4 Qxd4+ 33.Qxd4 Rxd4 34.Kxd4 Kf8 35.b4 Ke7
36.Ke5 a6 37.g4 b6  0-1

[Event "WYG16"]
[Site "Batumi GEO"]
[Date "2006.10.25"]
[Round "7"]
[White "Ignacz,M"]
[Black "Makhatadze,N"]
[Result "1-0"]
[WhiteElo "2288"]
[BlackElo "1935"]

1.d4 d5 2.c4 c6 3.Nf3 Nf6 4.Qc2 g6 5.cxd5 cxd5 6.Nc3 Nc6 7.Bf4 Bg7 8.e3 O-O
9.Bb5 Bd7 10.O-O Rc8 11.h3 a6 12.Bxc6 Bxc6 13.Qb3 Ne4 14.Rac1 Qa5 15.a3 h6
16.Qa2 g5 17.Be5 Bxe5 18.Nxe5 Nd6 19.b4 Qd8 20.Nxd5 Nf5 21.Nxc6 bxc6 22.Nc3 Nh4
23.Qe2 Qd6 24.g3 Nf5 25.Ne4 Qe6 26.Qf3 Ng7 27.Kh2 f5 28.Nc5 Qg6 29.Nd7 Rfe8
30.Ne5 Qe6 31.Rxc6 Rxc6 32.Qxc6 Qb3 33.Qxa6 h5 34.Qc4+ Qxc4 35.Nxc4 Ra8 36.Ra1 Ne6
37.a4 Nc7 38.Ra3 Kf8 39.b5 Ke8 40.b6 Na6 41.Rb3 Rb8 42.Rb5 Rb7 43.Rxf5  1-0

[Event "14th Chigorin Mem B"]
[Site "St-Petersburg RUS"]
[Date "2006.10.25"]
[Round "4"]
[White "Fox,P"]
[Black "Shlakich,A"]
[Result "0-1"]
[WhiteElo "1813"]
[BlackElo "2105"]

1.d4 d5 2.c4 c6 3.Nf3 Nf6 4.Qc2 a6 5.c5 Bg4 6.Ne5 Bh5 7.Bf4 Nbd7 8.Nc3 Nxe5
9.Bxe5 Nd7 10.Bg3 Bg6 11.Qb3 Qc8 12.e3 e5 13.Be2 Be7 14.Bg4 f5 15.Bh3 O-O
16.f3 Kh8 17.O-O Qc7 18.Na4 Rae8 19.Nb6 Bf6 20.a3 Nxb6 21.cxb6 Qd6 22.Qc3 f4
23.Bf2 fxe3 24.Bxe3 exd4 25.Bxd4 Bxd4+ 26.Qxd4 c5 27.Qd2 Bf5 28.f4 Bxh3 29.gxh3 d4
30.a4 Re3 31.Qg2 Qe7 32.Rac1 d3 33.b4 Re2 34.Qf3 d2 35.Rxc5 Rd8 36.Rd5 Rxd5
37.Qxd5 Qe3+ 38.Kh1 Qe4+ 39.Qxe4 Rxe4 40.Kg2 Re1  0-1

[Event "14th Chigorin Mem"]
[Site "St-Petersburg RUS"]
[Date "2006.10.25"]
[Round "4"]
[White "Yevseev,D"]
[Black "Lovkov,R"]
[Result "1-0"]
[WhiteElo "2534"]
[BlackElo "2414"]

1.d4 d5 2.c4 c6 3.Nf3 Nf6 4.Qc2 e6 5.Nbd2 Nbd7 6.g3 Be7 7.Bg2 O-O 8.O-O b6
9.e4 dxe4 10.Nxe4 Nxe4 11.Qxe4 Bb7 12.Rd1 Re8 13.Bf4 Qc8 14.Qc2 c5 15.d5 exd5
16.cxd5 Bf6 17.a4 Nf8 18.a5 Ng6 19.Bg5 Bxg5 20.Nxg5 Rb8 21.axb6 axb6 22.d6 Rf8
23.d7 Qd8 24.Bxb7 Rxb7 25.Qf5 Rb8 26.Rd6 Qe7 27.Rad1 Rfd8 28.Qd5 Nf8 29.Nf3 Ne6
30.Ne5 Nc7 31.Qe4 Nb5 32.R6d5 Nd4 33.R1xd4 cxd4 34.Qxd4 Qg5 35.Kg2 Qc1 36.Rd6 Qc7
37.Qd5 Qb7 38.Nc6 Kf8 39.Nxb8 Qxb8 40.Qc6 Ke7 41.Rd5 Kf8 42.b4 h6 43.b5 Ke7
44.h4 Kf8 45.Rd4 Kg8 46.Ra4 Kf8 47.Ra6 Ke7 48.Rxb6 Qe5 49.Rb7 g5 50.hxg5 hxg5
51.Rc7 Qe6 52.Qc5+ Kf6 53.Rc6  1-0

[Event "14th Chigorin Mem B"]
[Site "St-Petersburg RUS"]
[Date "2006.10.25"]
[Round "4"]
[White "Astanovsky,K"]
[Black "Romanov,Va"]
[Result "0-1"]
[WhiteElo "2099"]
[BlackElo "1986"]

1.d4 d5 2.Nf3 Nf6 3.c4 c6 4.g3 Bg4 5.Bg2 e6 6.Nbd2 Nbd7 7.O-O Bd6 8.b3 O-O
9.Bb2 Re8 10.Ne5 Bh5 11.h3 a5 12.c5 Bc7 13.a3 Nxe5 14.dxe5 Nd7 15.f4 Nxc5
16.g4 Bg6 17.Qe1 Bb6 18.Kh1 Bc2 19.Qg3 d4 20.Rac1 d3 21.Rf3 Nxb3 22.Rxc2 dxc2
23.Nxb3 Qd1+ 24.Rf1 a4 25.Nc1 Rad8 26.f5 Bd4 27.Bxd4 Rxd4 28.f6 Red8 29.Kh2 c5
30.fxg7 c4 31.Qf3 R8d7 32.Qe3 Qd2 33.Qf3 Qg5 34.Qc3 Qd2 35.Qf3 b5 36.Qa8+ Kxg7
37.Qf3 Qg5 38.Qc3 Rd2 39.Be4 R7d4 40.Bxc2 Qxe5+ 41.Kh1 Qd5+ 42.Kg1 Qe5 43.Rf3 R2d3
44.Rxd3 cxd3  0-1

[Event "14th Chigorin Mem B"]
[Site "St-Petersburg RUS"]
[Date "2006.10.26"]
[Round "5"]
[White "Sorokina,A RUS"]
[Black "Schekoldin,V"]
[Result "0-1"]
[WhiteElo "1996"]
[BlackElo "2200"]

1.d4 d5 2.c4 c6 3.Nd2 Nf6 4.Ngf3 Bg4 5.Ne5 Bh5 6.g3 e6 7.Bg2 Be7 8.O-O O-O
9.b3 a5 10.Bb2 a4 11.h3 Nfd7 12.g4 Nxe5 13.gxh5 Ned7 14.Rb1 b5 15.e4 Nb6
16.cxd5 cxd5 17.Qg4 f5 18.exf5 exf5 19.Qe2 axb3 20.axb3 Qd7 21.Kh1 Ra2 22.Rg1 Bb4
23.Bf1 f4 24.Qd1 Qf5 25.Nf3 Qxh5 26.Rg5 Qh6 27.Kh2 N8d7 28.Bxb5 Nf6 29.Qd3 Ne4
30.Rg2 Kh8 31.Ne5 f3 32.Nxf3 Qf4+ 33.Kg1 Qxf3 34.Qc2 Rc8 35.Bc6 Qf6 36.Rc1 Ba3
37.Qb1 Rxb2 38.Qa1 Rxf2 39.Qxa3 Rxg2+ 40.Kxg2 Qf2+ 41.Kh1 Ng3+  0-1

[Event "AVTOGAZ 40"]
[Site "Togliatti RUS"]
[Date "2006.10.27"]
[Round "8"]
[White "Skatchkov,P"]
[Black "Alavkin,A"]
[Result "1-0"]
[WhiteElo "2489"]
[BlackElo "2504"]

1.d4 d5 2.c4 c6 3.Nf3 Nf6 4.Qc2 e6 5.Nc3 Nbd7 6.e3 Bd6 7.g4 Nxg4 8.Rg1 Ngf6
9.Rxg7 Kf8 10.Rg2 Qe7 11.e4 Nxe4 12.Bh6+ Ke8 13.Nxe4 dxe4 14.Qxe4 Bb4+ 15.Nd2 Nf6
16.Qf3 e5 17.O-O-O e4 18.Qf4 Bxd2+ 19.Rxd2 Rg8 20.Bg5 Rg6 21.Re2 Be6 22.Rxe4 Kf8
23.Bh4 Kg7 24.Rxg6+ hxg6 25.Qe5 Rh8 26.Rf4 Rxh4 27.Rxh4 b5 28.Rf4 Qd8 29.h4  1-0

[Event "GpB"]
[Site "Cap d'Agde FRA"]
[Date "2006.10.28"]
[Round "3"]
[White "Bacrot,E"]
[Black "Skripchenko,A"]
[Result "1-0"]
[WhiteElo "2705"]
[BlackElo "2427"]

1.d4 d5 2.c4 dxc4 3.Nf3 c6 4.g3 Nf6 5.Bg2 e6 6.O-O Be7 7.Ne5 O-O 8.Nc3 Nbd7
9.Nxc4 Nb6 10.Ne5 Nfd7 11.Nf3 c5 12.Bf4 cxd4 13.Qxd4 Bc5 14.Qd3 Qe7 15.Rfd1 e5
16.Bg5 f6 17.Bc1 Bb4 18.Be3 Bc5 19.Rac1 Bxe3 20.Qxe3 Nc5 21.Nb5 Ne6 22.Nd6 Kh8
23.Nh4 g6 24.Qh6 Rg8 25.a4 Nd4 26.Nxc8 Raxc8 27.Rxc8 Nxc8 28.e3 Nc6 29.Be4 f5
30.Bd5 Rg7 31.Bb3 Nd6 32.Rxd6 Qxd6 33.Nxf5 Qf6 34.Nxg7 Qxg7 35.Qxg7+ Kxg7
36.Bd5 Nd8 37.Kf1 Kf6 38.Ke2 Ke7 39.Kd3 Kd6 40.e4 g5 41.Ke3 Kc5 42.f4 gxf4+
43.gxf4 exf4+ 44.Kxf4 a5 45.h4  1-0

[Event "14th Chigorin Mem"]
[Site "St-Petersburg RUS"]
[Date "2006.10.28"]
[Round "7"]
[White "Ponfilenok,V"]
[Black "Kaganskiy,G"]
[Result "1/2-1/2"]
[WhiteElo "2411"]
[BlackElo "2328"]

1.d4 c6 2.Nf3 Nf6 3.c4 d5 4.Qc2 dxc4 5.Qxc4 Bf5 6.g3 e6 7.Bg2 Nbd7 8.O-O Be7
9.Nc3 O-O 10.Nh4 Nb6 11.Qb3 Qxd4 12.Nxf5 exf5 13.Rd1 Qc4 14.Qc2 g6 15.b3 Qe6
16.Bb2 Rad8 17.e4 fxe4 18.Nxe4 Nxe4 19.Qxe4 Qxe4 20.Bxe4 f5 21.Bf3 Kf7 22.Rxd8 Rxd8
23.Rd1 Rxd1+ 24.Bxd1 Bf6 25.Bc1 Bd4 26.Kf1 Nd5 27.Bd2 Nf6 28.Bc2 Ne4 29.Be1 Ke6
30.f3 Nd6 31.Ke2 c5 32.Bd3 b5 33.Bc2 Kd5 34.g4 Bg1 35.Bg3 fxg4 36.Kf1 Be3
37.Bxd6 Kxd6 38.fxg4 Bf4 39.h4 Kd5 40.a4 bxa4 41.bxa4 Kc4 42.Ke2 h5 43.gxh5 gxh5
44.Bg6 Kb3 45.Kd1 Kxa4 46.Kc2 Kb4 47.Bxh5 Bg3 48.Bg6 Bxh4 49.Kb1 Kc3 50.Bh7 a6
51.Bg6 a5 52.Bh7 Bf6 53.Bg6 a4 54.Bh7 Kb3 55.Bc2+ Kb4 56.Bg6 a3 57.Bh7 Kb3
58.Bc2+ Kc3 59.Bg6 Bg5 60.Bh7 Bc1 61.Bg6 c4 62.Bh7 Bb2 63.Bg6 Kd2 64.Bh7 c3
65.Bg6 a2+ 66.Kxa2 c2 67.Bxc2 Kxc2  1/2-1/2

[Event "1st Javier Carpintero Mem"]
[Site "Evora POR"]
[Date "2006.10.29"]
[Round "5"]
[White "Morais,V"]
[Black "Diogo,V"]
[Result "1/2-1/2"]
[WhiteElo "2052"]
[BlackElo "2220"]

1.d4 d5 2.Nf3 Nf6 3.c4 c6 4.Qc2 g6 5.e3 Bg7 6.Nc3 O-O 7.Bd3 b6 8.cxd5 cxd5
9.O-O Bb7 10.Ne5 Nc6 11.Nxc6 Bxc6 12.Ba6 Qd7 13.a4 Bb7 14.Qe2 Rab8 15.Bd2 Rfc8
16.Rfc1 e6 17.Bb5 Bc6 18.Ba6 Bb7 19.Bb5 Qd6 20.Bd3 Ra8 21.Nb5 Qd8 22.Rxc8 Bxc8
23.Rc1 Ne8 24.Bb4 a6 25.Nc3 Bb7 26.b3 Nd6 27.h3 Bf8 28.Rc2 f6 29.f4 Qe8 30.Na2 a5
31.Ba3 Rc8 32.Nc3 e5 33.Nb5 Qe6 34.Nxd6 Bxd6 35.Bxd6 Qxd6 36.fxe5 fxe5 37.dxe5 Qxe5
38.Kf2 Kg7 39.Rxc8 Bxc8 40.Qc2 Bd7 41.Qd2 Be6 42.Bc2 Qb2 43.Qd4+ Qxd4 44.exd4 Kf6
45.h4 h6 46.Ke3 g5 47.g3 Bg4 48.hxg5+ Kxg5 49.Kf2 Bf5 50.Bd1 Be4 51.Ke3 h5
52.Kf2 h4 53.gxh4+ Kxh4 54.Ke3 Kg3 55.Kd2 Kf4 56.Bh5 Bf3 57.Bg6 Bg4 58.Bf7 Ke4
59.Kc3 Bf3 60.Bg6+ Ke3 61.Bf7 Ke2 62.b4 Kd1 63.bxa5 bxa5 64.Be6 Kc1 65.Bf5 Bg2
66.Bg6 Kd1 67.Bf7 Be4 68.Be8 Kc1 69.Bd7 Kb1 70.Be8 Ka2 71.Bb5 Ka3 72.Bd7 Bf3
73.Bc6 Bg2 74.Bb5 Be4 75.Bd7 Bg2 76.Bb5 Bf3 77.Bc6 Be4 78.Bd7 Bb1 79.Bc6 Ba2
80.Bb5 Bb3 81.Bc6 Bc4 82.Bb5 Ba2 83.Bd7  1/2-1/2

[Event "TCh-AUT 2006-7"]
[Site "Graz AUT"]
[Date "2006.11.03"]
[Round "1"]
[White "Schweda,R"]
[Black "Duer,W"]
[Result "1/2-1/2"]
[WhiteElo "2451"]
[BlackElo "2265"]

1.d4 d5 2.Nf3 Nf6 3.c4 c6 4.Qc2 dxc4 5.Qxc4 Bf5 6.Nc3 e6 7.g3 Nbd7 8.Bg2 Be7
9.e3 O-O 10.Qe2 Ne4 11.Nd2 Nxc3 12.bxc3 Qa5 13.Bb2 Qa4 14.e4 Bg6 15.O-O Nb6
16.f4 Qc2 17.Rab1 Rfe8 18.Rfc1 Qa4 19.c4 Bb4 20.c5 Bxd2 21.Qxd2 Nc4 22.Qc2 Nxb2
23.Qxb2 Rad8 24.Rd1 Re7 25.Qb4 Qxb4 26.Rxb4 f6 27.g4 Red7 28.Kf2 Bf7 29.e5 fxe5
30.fxe5 Bg6 31.Ke3 Rf8 32.Rd2 Rff7 33.Ra4 a6 34.Rb4 h6 35.h4 Bh7 36.g5 hxg5
37.hxg5 Bf5 38.Bf3 g6 39.Rh2 Rh7 40.Rbb2 Bh3 41.Be4 Kg7 42.Rb1 Bf5 43.Rxh7+ Kxh7
44.Bxf5 gxf5 45.Rh1+ Kg6 46.Rh6+ Kxg5 47.Rxe6 Rh7 48.Re8 Rh3+ 49.Kf2 Kf4
50.Re7 Rh2+ 51.Kg1 Rd2 52.Rxb7 Rxd4 53.e6 Re4  1/2-1/2

[Event "10th OIBM"]
[Site "Bad Wiessee GER"]
[Date "2006.11.04"]
[Round "1"]
[White "Meins,G"]
[Black "Klaus,D"]
[Result "1-0"]
[WhiteElo "2464"]
[BlackElo "2029"]

1.d4 d5 2.c4 c6 3.Nf3 Nf6 4.Qc2 e6 5.g3 Be7 6.Bg2 O-O 7.O-O Nbd7 8.Nbd2 Re8
9.e4 dxe4 10.Nxe4 Nxe4 11.Qxe4 Nf6 12.Qe2 Bd6 13.Ne5 Qe7 14.Bg5 h6 15.Bxf6 gxf6
16.Nd3 Kh7 17.Rfe1 Bd7 18.c5 Bc7 19.d5 cxd5 20.Bxd5 Bb5 21.Bxb7 Rad8 22.Be4+ Kg7
23.Qg4+ Kh8 24.Qh4 Kg7 25.Nf4 Bxf4 26.gxf4 Qxc5 27.Rac1 Qd4 28.Qg4+ Kh8 29.Qh5 Bd3
30.Qxh6+ Kg8 31.Bxd3 Qxd3 32.Rc3  1-0

[Event "10th OIBM"]
[Site "Bad Wiessee GER"]
[Date "2006.11.06"]
[Round "3"]
[White "Khenkin,I"]
[Black "Forchert,M"]
[Result "1-0"]
[WhiteElo "2620"]
[BlackElo "2401"]

1.d4 d5 2.c4 c6 3.Nf3 Nf6 4.Qb3 dxc4 5.Qxc4 Bf5 6.g3 e6 7.Bg2 Nbd7 8.O-O Be7
9.Nc3 O-O 10.Re1 Ne4 11.Qb3 Qb6 12.Nh4 Bxh4 13.gxh4 Qxb3 14.axb3 Nef6 15.e4 Bg6
16.Bf4 Rfe8 17.Bd6 a6 18.Na4 Bh5 19.f3 Rad8 20.Bg3 e5 21.Rad1 exd4 22.Rxd4 Nf8
23.Red1 Rxd4 24.Rxd4 Ne6 25.Rd6 Bg6 26.Bh3 h6 27.b4 Re7 28.Nc5 Nxc5 29.bxc5 Kh7
30.Rd8 Re8 31.Rxe8 Nxe8 32.Bc8 f5 33.exf5 Bf7 34.Bxb7 Bd5 35.Bxa6 Bxf3 36.Be5 Bd1
37.b4 Bc2 38.Bb7 Ba4 39.Kf2 Nf6 40.Bxf6 gxf6 41.Ba6 Bc2 42.Ke3 Bxf5 43.Bd3  1-0